000 00417nam a2200133Ia 4500
005 20251222152611.0
008 251222s9999||||xx |||||||||||||| ||spa||
082 _a303.482/V66
100 _aVillacorta Paredes, Juan
245 0 _aCultura de los Valores Morales para una Vida de Éxito, el Perú Hacia la Cima, Tenemos que Cambiar
250 _a1ra.ed.
264 _bEditora Escolar Perú Arte E.I.R.L
942 _cLIB
999 _c26966
_d26966